Fundamental principles of polymeric materials (Record no. 81298)
[ view plain ]
| 000 -LEADER | |
|---|---|
| fixed length control field | 01458nam a2200361Ia 4500 |
| 082 04 - DEWEY DECIMAL CLASSIFICATION NUMBER | |
| Classification number | 668.9 |
| 100 1# - MAIN ENTRY--AUTHOR NAME | |
| Personal name | Brazel, Christopher S., |
| 245 10 - TITLE STATEMENT | |
| Title | Fundamental principles of polymeric materials |
| 250 ## - EDITION STATEMENT | |
| Edition statement | 3rd ed. |
| 260 ## - PUBLICATION, DISTRIBUTION, ETC. (IMPRINT) | |
| Place of publication | Hoboken, New Jersey : |
| Name of publisher | Wiley, |
| Year of publication | 2012. |
| 300 ## - PHYSICAL DESCRIPTION | |
| Number of Pages | xvii, 407 p. |
| 500 ## - GENERAL NOTE | |
| General note | Revised edition of: Fundamental principles of polymeric materials / Stephen L. Rosen. 2nd ed. c1993. |
| 650 #0 - SUBJECT ADDED ENTRY--TOPICAL TERM | |
| Topical Term | Polymers. |
| Topical Term | Polymer engineering. |
| 700 1# - ADDED ENTRY--PERSONAL NAME | |
| Personal name | Rosen, Stephen L., |
| Personal name | Rosen, Stephen L., |
| 856 40 - ELECTRONIC LOCATION AND ACCESS | |
| Uniform Resource Identifier | http://site.ebrary.com/lib/rucke/Doc?id=10570740 |
No items available.
